Normal view
MARC view
Entry Personal Name
001 - CONTROL NUMBER
- control field: 247271
003 - CONTROL NUMBER IDENTIFIER
- control field: OSt
005 - DATE AND TIME OF LATEST TRANSACTION
- control field: 20220925174638.0
008 - FIXED-LENGTH DATA ELEMENTS
- fixed length control field: 220925|| aca||aabn | a|a d
040 ## - CATALOGING SOURCE
- Original cataloging agency: OSt
- Transcribing agency: OSt
100 ## - HEADING--PERSONAL NAME
- Personal name: KIT KOTAGIRI TEA & COFFEE ESTATES COMPANY LIMITED
670 ## - SOURCE DATA FOUND
- Source citation: Work cat.: (OSt)491594: KIT KOTAGIRI TEA & COFFEE ESTATES COMPANY LIMITED 247270, Annual report,1950-62., 1962
